Statistiques concernant Ligue 1 Champions

Cliquez ici pour prendre le quiz!

Statistiques générales

  • Ce quiz a été pris 154 fois
  • Le résultat moyen est 68 sur 79

Statistiques - réponses

anRéponse% Correct
1984Bordeaux
98%
2009Bordeaux
98%
1985Bordeaux
98%
1987Bordeaux
98%
1999Bordeaux
98%
1950Bordeaux
98%
2002Lyon
97%
2003Lyon
97%
2004Lyon
97%
2006Lyon
97%
2007Lyon
97%
2008Lyon
97%
2005Lyon
97%
2010Marseille
97%
1992Marseille
97%
1948Marseille
97%
1972Marseille
97%
1971Marseille
97%
1989Marseille
97%
1990Marseille
97%
1991Marseille
97%
1937Marseille
97%
1986Paris Saint-Germain
97%
2016Paris Saint-Germain
97%
1994Paris Saint-Germain
97%
2015Paris Saint-Germain
97%
2014Paris Saint-Germain
97%
2013Paris Saint-Germain
97%
2018Paris Saint-Germain
97%
2011Lille
96%
1946Lille
96%
1954Lille
96%
1997Monaco
95%
2000Monaco
95%
1988Monaco
95%
1982Monaco
95%
2017Monaco
95%
1978Monaco
95%
1961Monaco
95%
1963Monaco
95%
1957Saint-Etienne
92%
1970Saint-Etienne
92%
1964Saint-Etienne
92%
1967Saint-Etienne
92%
1969Saint-Etienne
92%
1968Saint-Etienne
92%
1974Saint-Etienne
92%
1976Saint-Etienne
92%
1981Saint-Etienne
92%
1975Saint-Etienne
92%
2012Montpellier
90%
1983Nantes
90%
1966Nantes
90%
1965Nantes
90%
1973Nantes
90%
1995Nantes
90%
1980Nantes
90%
2001Nantes
90%
1977Nantes
90%
1959Nice
80%
1951Nice
80%
1952Nice
80%
1956Nice
80%
1998Lens
78%
1958Reims
78%
1960Reims
78%
1962Reims
78%
1955Reims
78%
1953Reims
78%
1949Reims
78%
1996Auxerre
75%
1979Strasbourg
74%
1938Sochaux
49%
1935Sochaux
49%
1934Sete
43%
1939Sete
43%
1933Olympique Lillois
16%
1947Roubaix-Tourcoing
15%
1936RCF Paris
2%

Distribution des résultats

Percentile par nombre de réponses

% des personnes avec chaque résultat

Votre développement - résultats

Vous n’avez pas pris ce quiz